| 000 | 00479nam a22001577a 4500 | ||
|---|---|---|---|
| 008 | 230323b |||||||| |||| 00| 0 eng d | ||
| 040 |
_aNational Science Library _cNational Science Library |
||
| 080 |
_a658.5 _bM2 |
||
| 100 |
_aAdam, Everett E _94478 |
||
| 245 |
_aProduction and operations management: _bConcepts, models and behavior |
||
| 260 |
_aUnite State: _bprentice Hall, _c1978 |
||
| 300 | _a698p. | ||
| 650 | _aManagement | ||
| 653 | _aProduction | ||
| 942 |
_2udc _cREF |
||
| 999 |
_c13158 _d13158 |
||